| 000 | 00511nam a2200181 a 4500 | ||
|---|---|---|---|
| 005 | 20250829063930.0 | ||
| 008 | 991125s1965 fr 000 0 spa u | ||
| 035 | _aUPN01000005495 | ||
| 049 | _aUNE | ||
| 050 | 4 |
_aLC149 _bB8.3 |
|
| 100 | 1 |
_aBurnet, Mary _940594 |
|
| 245 | 1 | 3 |
_aLa batalla de la alfabetización / _cMary Burnet. |
| 260 |
_aParís : _bUNESCO, _c1965. |
||
| 300 |
_a69 p. : _bil. |
||
| 500 | _aTambién localizas ejemplares en Colección General | ||
| 650 | 4 |
_aAnalfabetismo _94901 |
|
| 905 | _aLibro | ||
| 999 |
_c5495 _d5495 |
||